[Event "7th Malaysia Open"]
[Site "Kuala Lumpur MAS"]
[Date "2010.09.01"]
[Round "1"]
[White "Zhou Weiqi"]
[Black "Dragicevic,Do"]
[Result "1-0"]
[WhiteElo "2569"]
[BlackElo "2195"]

1.d4 d5 2.Nf3 Nf6 3.c4 e6 4.g3 Be7 5.Bg2 O-O 6.O-O dxc4 7.Qc2 a6 8.a4 Bd7
9.Rd1 Bc6 10.Nc3 Nbd7 11.e4 b6 12.d5 exd5 13.e5 Ne8 14.Nxd5 Bxd5 15.Rxd5 c5
16.Qd1 Ra7 17.Bh3  1-0

[Event "7th Malaysia Open"]
[Site "Kuala Lumpur MAS"]
[Date "2010.09.02"]
[Round "2"]
[White "Laxman,R"]
[Black "Laksana,Agusta"]
[Result "1-0"]
[WhiteElo "2498"]
[BlackElo "2373"]

1.Nf3 Nf6 2.c4 e6 3.g3 d5 4.d4 Be7 5.Bg2 O-O 6.O-O Nbd7 7.Qc2 Re8 8.Bg5 h6
9.Bxf6 Bxf6 10.Nbd2 c6 11.e4 Nb6 12.e5 Be7 13.b3 Nd7 14.a3 Nb8 15.Rfd1 Na6
16.Nf1 Nb8 17.Ne3 a5 18.h4 Nd7 19.Bf1 Nf8 20.Bd3 Ra7 21.Kg2 Bd7 22.c5 b6
23.b4 Qc7 24.Qd2 Rea8 25.Rac1 axb4 26.axb4 Ra2 27.Rc2 Rxc2 28.Bxc2 bxc5 29.dxc5 Ra3
30.Ng4 Rxf3 31.Kxf3 h5 32.Nh2 Qxe5 33.Kg2 Qb8 34.f4 Be8 35.Nf3 Nd7 36.Nd4 Nf6
37.Re1 Bd7 38.Nf3 Bf8 39.Ne5 g6 40.Nxd7 Nxd7 41.Bxg6 Nf6 42.Bc2 Bg7 43.Re5 Qb5
44.Bd3 Qa4 45.Rg5 Kf8 46.f5 Qa1 47.fxe6 Ng4 48.Qe2 Qd4 49.e7+ Ke8 50.b5 Be5
51.bxc6 Kxe7 52.c7 Kd7 53.Bf5+ Kxc7 54.Bxg4 Bf6 55.Rxh5  1-0

[Event "7th Malaysia Open"]
[Site "Kuala Lumpur MAS"]
[Date "2010.09.03"]
[Round "4"]
[White "Cheah,C"]
[Black "Dragicevic,Do"]
[Result "1/2-1/2"]
[WhiteElo "2003"]
[BlackElo "2195"]

1.d4 d5 2.Nf3 Nf6 3.c4 e6 4.g3 Be7 5.Bg2 O-O 6.O-O dxc4 7.Qc2 a6 8.Qxc4 b5
9.Qc2 Bb7 10.Bd2 Nc6 11.e3 Nb4 12.Bxb4 Bxb4 13.a3 Be7 14.Nbd2 Rc8 15.b4 a5
16.Nb3 axb4 17.axb4 Bxb4 18.Nc5 Bxc5 19.Qxc5 Qd5 20.Rfc1 Ne4 21.Qb4 Qh5 22.Nd2 Nd6
23.Rc5 Qe2 24.Bxb7  1/2-1/2

[Event "9th Georgiev-Kesarovski Mem"]
[Site "Sunny Beach BUL"]
[Date "2010.09.04"]
[Round "8"]
[White "Spassov,L"]
[Black "Kanazirev,Pavel"]
[Result "1-0"]
[WhiteElo "2376"]
[BlackElo "2104"]

1.d4 Nf6 2.c4 e6 3.Nf3 d5 4.g3 Be7 5.Bg2 O-O 6.O-O c6 7.Qc2 b6 8.Rd1 Bb7
9.Nbd2 Na6 10.a3 Rc8 11.b4 c5 12.dxc5 bxc5 13.b5 Nb8 14.e3 Qc7 15.Bb2 Nbd7
16.a4 Rfd8 17.a5 Ng4 18.h3 Nge5 19.Nxe5 Nxe5 20.Bxe5 Qxe5 21.e4 dxe4 22.a6 Ba8
23.Nxe4 f5 24.Nc3 Bxg2 25.Kxg2 Bf6 26.Rxd8+ Rxd8 27.Rd1 Rxd1 28.Nxd1 Qc7
29.Qe2 Qd6 30.Qf3 Be5 31.Qa8+ Qb8 32.Qxb8+ Bxb8 33.Nc3  1-0

[Event "5th XtraCon Open"]
[Site "Borup DEN"]
[Date "2010.09.05"]
[Round "4"]
[White "Andersen,Dani"]
[Black "Sylvan,J"]
[Result "0-1"]
[WhiteElo "1940"]
[BlackElo "2238"]

1.c4 e6 2.g3 d5 3.Bg2 Nf6 4.Nf3 Be7 5.d4 O-O 6.O-O dxc4 7.Qc2 a6 8.Qxc4 b5
9.Qc2 Bb7 10.Bd2 Be4 11.Qb3 c5 12.dxc5 Nbd7 13.Nc3 Nxc5 14.Qd1 Bb7 15.Be3 b4
16.Qxd8 Rfxd8 17.Bxc5 Bxc5 18.Na4 Ba7 19.Rac1 Rac8 20.Ne5 Nd5 21.Nc4 Bc6
22.b3 Bxa4 23.bxa4 Nc3  0-1

[Event "17th Open A"]
[Site "Graz AUT"]
[Date "2010.09.05"]
[Round "9"]
[White "Stagl,M"]
[Black "Wertjanz,Dav"]
[Result "1/2-1/2"]
[WhiteElo "2106"]
[BlackElo "2175"]

1.d4 Nf6 2.c4 e6 3.g3 d5 4.Nf3 Be7 5.Bg2 O-O 6.O-O Nbd7 7.Nbd2 c6 8.Qc2 b6
9.e4 Ba6 10.b3 Rc8 11.Bb2 c5 12.exd5 exd5 13.Qf5 g6 14.Qh3 Rc7 15.Rad1 cxd4
16.Nxd4 Nc5 17.Ba1 Re8 18.Nb5 Rd7 19.Nf3 dxc4 20.Rxd7 Nfxd7 21.bxc4 Ne6  1/2-1/2

[Event "TCh-CRO Women"]
[Site "Sibenik CRO"]
[Date "2010.09.05"]
[Round "2"]
[White "Ushenina,A"]
[Black "Samanic,Lorena"]
[Result "1-0"]
[WhiteElo "2466"]
[BlackElo "1703"]

1.d4 d5 2.c4 e6 3.Nf3 Nf6 4.g3 Be7 5.Bg2 O-O 6.O-O Nbd7 7.b3 b6 8.Bb2 Bb7
9.cxd5 exd5 10.Nc3 Bb4 11.a3 Bxc3 12.Bxc3 Re8 13.Bb2 Ba6 14.Re1 Qe7 15.e3 Qe4
16.Rc1 Rac8 17.Ne5 Qf5 18.Nc6 Ra8 19.Nb4 Bc8 20.Rxc7 Ng4 21.Qf3 Qxf3 22.Bxf3 Ngf6
23.Nxd5 Nxd5 24.Bxd5 Rb8 25.Rxa7 Rf8 26.e4 Nf6 27.Bc6 Rd8 28.d5  1-0

[Event "TCh-ROU Superliga"]
[Site "Baile Herculane ROU"]
[Date "2010.09.06"]
[Round "3"]
[White "Miroiu,G"]
[Black "Chifor,E"]
[Result "1-0"]
[WhiteElo "2219"]
[BlackElo "2266"]

1.g3 Nf6 2.Bg2 e6 3.Nf3 d5 4.c4 Be7 5.d4 O-O 6.O-O b6 7.Nc3 Bb7 8.Ne5 Nbd7
9.Qa4 Nxe5 10.dxe5 Ne4 11.cxd5 Nxc3 12.bxc3 exd5 13.c4 c6 14.Rd1 Bc5 15.Bb2 a6
16.cxd5 cxd5 17.Qb3 b5 18.Bxd5 Bxd5 19.Rxd5 Qb6 20.e3 Rfc8 21.Qd3 Bf8 22.f4 Rd8
23.Rxd8 Rxd8 24.Bd4 Qc6 25.Kf2 b4 26.g4 a5 27.Kg3 a4 28.Rf1 Rc8 29.Bb2 Qb6
30.Rd1 Be7 31.Rd2 Qc5 32.Qd4 Qb5 33.e6 Bf6 34.Qd7 Qxd7 35.exd7 Rd8 36.g5 Bc3
37.Bxc3 bxc3 38.Rc2 Rxd7 39.Rxc3 g6 40.Rc8+ Kg7 41.Rc4 Rd3 42.Kf3 Rd2 43.Rxa4 Rxh2
44.Ke4 h6 45.gxh6+ Kxh6 46.Ra8 Rd2 47.Ke5 Kg7 48.Ra7 Rd1 49.a4 Rd2 50.Rc7 Ra2
51.Rc4 Ra3 52.e4 Rf3 53.Rc7 Ra3 54.Ra7 Ra1 55.a5 Ra2 56.a6 Ra4 57.Kd5 Kf8
58.Ra8+ Kg7 59.Ke5 Ra1 60.Ra7 Ra4 61.Kd5 Kf8 62.e5 Rxf4 63.Rb7 Ra4 64.a7 Kg7
65.e6 Ra5+ 66.Kc4 g5 67.e7  1-0

[Event "TCh-CHN"]
[Site "Guangzhou CHN"]
[Date "2010.09.12"]
[Round "12"]
[White "Ding Liren"]
[Black "Ji Dan"]
[Result "1-0"]
[WhiteElo "2565"]
[BlackElo "2379"]

1.Nf3 d5 2.d4 Nf6 3.c4 e6 4.g3 Be7 5.Bg2 O-O 6.O-O dxc4 7.Qc2 a6 8.a4 Bd7
9.Qxc4 Bc6 10.Bg5 Bd5 11.Qd3 c5 12.Nc3 cxd4 13.Nxd5 Nxd5 14.Bxe7 Qxe7 15.Nxd4 Rd8
16.Rfc1 Nb4 17.Qe3 g6 18.Rc4 N8c6 19.Bxc6 bxc6 20.Nxc6 Nxc6 21.Rxc6 Rab8
22.Rxa6 Rxb2 23.Qe5 Qb7 24.Ra7 Qxa7 25.Qxb2 Qa5 26.Qb5 Qc3 27.Rb1 Ra8 28.Kg2 Qc7
29.Rb4 Kg7 30.Rc4 Qd8 31.Qb2+ Kg8 32.Qc3 Qd5+ 33.e4 Qb7 34.a5 Rb8 35.Rc6  1-0

[Event "Montreal Open"]
[Site "Montreal CAN"]
[Date "2010.09.12"]
[Round "5"]
[White "Larochelle,M"]
[Black "Auger,M"]
[Result "1/2-1/2"]
[WhiteElo "2086"]
[BlackElo "1974"]

1.d4 Nf6 2.c4 e6 3.g3 d5 4.Bg2 Be7 5.Nf3 O-O 6.O-O b6 7.Ne5 Bb7 8.Nc3 Re8
9.Bg5 h6 10.Bxf6 Bxf6 11.e4 Bxe5 12.dxe5 d4 13.Nb5 Nc6 14.Qh5 a6 15.Na3 Qg5
16.Qxg5 hxg5 17.Rad1 g4 18.Nc2 Rad8 19.b3 d3 20.Ne1 Nxe5 21.f4 gxf3 22.Nxf3 Nxf3+
23.Bxf3 e5 24.Kf2 Rd4 25.Ke3 Red8 26.Rf2 c5 27.Rfd2 f5 28.exf5 e4 29.Bg4 Kf7
30.Rf1 Kf6 31.a4 a5 32.Rf4  1/2-1/2

[Event "USCL"]
[Site "ICC INT"]
[Date "2010.09.13"]
[Round "4"]
[White "Adelberg,D"]
[Black "Bayaraa,Z"]
[Result "1-0"]
[WhiteElo "2216"]
[BlackElo "2193"]

1.d4 d5 2.c4 e6 3.Nf3 Nf6 4.g3 Be7 5.Bg2 c6 6.O-O O-O 7.Qc2 Nbd7 8.b3 c5
9.Bb2 b6 10.cxd5 exd5 11.Nc3 Bb7 12.Rac1 Rc8 13.Rfd1 Qc7 14.Qb1 Qb8 15.Nh4 cxd4
16.Nf5 Bc5 17.Nxd4 Rfe8 18.Qa1 a6 19.Nf5 Qe5 20.Qb1 Qe6 21.e3 Ne5 22.Ne2 Ne4
23.Nfd4 Qh6 24.h3 Qf6 25.f3 Nd6 26.f4 Nd7 27.Rd3 Qe7 28.Nc3 Nf6 29.Re1 Nfe4
30.Nxe4 Nxe4 31.Nf5 Qd7 32.Nxg7 Nxg3 33.Nxe8 Rxe8 34.Ba1 Re6 35.b4 Be7 36.e4 Rg6
37.f5 Rg5 38.Kh2 Nh5 39.Qb2 f6 40.Qd2 Qc7+ 41.e5 Qc4 42.exf6 Bd6+ 43.Be5 Bxe5+
44.Rxe5 Nf4 45.Rd4 Rxg2+ 46.Qxg2+ Nxg2 47.Rxc4 dxc4 48.Re8+ Kf7 49.Re7+ Kxf6
50.Rxb7 Ne3 51.Rxb6+ Kxf5 52.Rxa6 c3 53.Rc6 c2 54.b5 Ke5 55.b6 Kd5 56.Rxc2  1-0

[Event "WCh w Blitz Semi-Final"]
[Site "Moscow RUS"]
[Date "2010.09.15"]
[Round "11"]
[White "Fominykh,M"]
[Black "Kharmunova,N"]
[Result "1/2-1/2"]
[WhiteElo "2305"]
[BlackElo "2121"]

1.d4 d5 2.c4 e6 3.Nf3 Be7 4.g3 Nf6 5.Bg2 O-O 6.O-O Nbd7 7.Bf4 dxc4 8.a4 Nd5
9.Na3 Nxf4 10.gxf4 Nb6 11.Qc2 Bxa3 12.Rxa3 Qf6 13.a5 Nd5 14.e3 b5 15.axb6 cxb6
16.Qxc4 a5 17.Qb3 Ba6 18.Rc1 Qg6 19.Ne5 Qh5 20.Nd7 Rfd8 21.Ne5 Be2 22.Raa1 b5
23.Nc6 a4 24.Qc2 Rdc8 25.Qd2 Bf3 26.Bxf3 Qxf3 27.Ne5 Qh5 28.Rxc8+ Rxc8 29.Rc1 Rf8
30.Kh1 f6 31.Nd3 Qf3+ 32.Kg1 Qg4+ 33.Kh1 Qf3+ 34.Kg1  1/2-1/2

[Event "Open"]
[Site "Livigno ITA"]
[Date "2010.09.16"]
[Round "7"]
[White "Michalik,P"]
[Black "Naumkin,I"]
[Result "1/2-1/2"]
[WhiteElo "2455"]
[BlackElo "2483"]

1.d4 Nf6 2.c4 e6 3.g3 d5 4.Bg2 Be7 5.Nf3 O-O 6.O-O dxc4 7.Ne5 c5 8.dxc5 Qc7
9.Nxc4 Qxc5 10.Qb3 Nc6 11.Be3 Qh5 12.h3 Nd5 13.Nc3 Nxe3 14.Nxe3 Bc5 15.g4 Qh6
16.Ne4 Bb6 17.Nc4 Bc7 18.Ncd6 Bb6 19.e3 Bd7 20.Nc4 Rad8 21.Nxb6 axb6 22.Rad1 f5
23.gxf5 Ne7 24.f6 Nd5 25.fxg7 Rf7 26.Nc3 Rxg7 27.Nxd5 exd5 28.Qxd5+ Kh8 29.Kh2 Rf8
30.Qe5 Rf5 31.Qb8+ Rg8 32.Qxg8+ Kxg8 33.Rxd7 Qe6 34.Rxb7 Rf7 35.Rxf7 Kxf7
36.b3 Qe5+ 37.Kg1 Qb2 38.Bd5+ Ke7 39.a4 Qe5 40.Bg2 Qb2 41.Rd1 Qxb3 42.Rd4 Qc3
43.Kh2 h6 44.Rf4 Qe5 45.Bf1 Qd6 46.Be2 Qe5 47.Kg2 Qg5+ 48.Rg4 Qd5+ 49.Bf3 Qc5
50.h4 Kf7 51.Be4 Kf8 52.Rg6 Qh5 53.Kh3 Qa5 54.Rxh6 Qxa4 55.Rf6+ Ke7 56.Rf4 Qd1
57.Bg6 b5 58.h5 b4 59.Kh2 Qd6 60.Bc2 Qe5 61.Kg1 Qg5+ 62.Kf1 Qb5+ 63.Kg1 Qg5+
64.Kf1 Qb5+ 65.Kg1 Qg5+  1/2-1/2

[Event "EYCC Boys U14"]
[Site "Batumi GEO"]
[Date "2010.09.23"]
[Round "5"]
[White "Menezes,Chr"]
[Black "Delgado Vlaic,A"]
[Result "1/2-1/2"]
[WhiteElo "2040"]
[BlackElo "1901"]

1.d4 Nf6 2.c4 e6 3.Nf3 d5 4.g3 Be7 5.Bg2 O-O 6.O-O b6 7.Qc2 Bb7 8.Rd1 Nbd7
9.Nc3 Re8 10.b3 c6 11.Bb2 Rc8 12.e4 dxe4 13.Nxe4 Qc7 14.Ne5 c5 15.Nxd7 Nxd7
16.d5 exd5 17.cxd5 Bd6 18.Bh3 Be5 19.Ng5 g6 20.Bxe5 Rxe5 21.f4 Re3 22.Re1 Rce8
23.Rxe3 Rxe3 24.Qd2 Re8 25.Bg2 Nf6 26.d6 Qd7 27.Bxb7 Qxb7 28.Qc3 Ne4 29.Nxe4 Qxe4  1/2-1/2

[Event "EYCC Boys U18"]
[Site "Batumi GEO"]
[Date "2010.09.24"]
[Round "6"]
[White "Raznikov,D"]
[Black "Mammadov,A"]
[Result "1/2-1/2"]
[WhiteElo "2354"]
[BlackElo "2358"]

1.d4 d5 2.c4 e6 3.Nf3 Nf6 4.g3 Be7 5.Bg2 O-O 6.Qc2 a6 7.Bf4 dxc4 8.Qxc4 Nd5
9.Nc3 b5 10.Qd3 Bb7 11.Nxd5 Bxd5 12.O-O Nd7 13.Rfc1 c5 14.dxc5 Nxc5 15.Qd4 Rc8
16.b4 Bf6 17.Be5 Nd7 18.Bxf6 Nxf6 19.a3 Rc7 20.Ne5 Qc8 21.Nd3 Bxg2 22.Kxg2 Rd8
23.Qf4 Nd5 24.Qe4 Nc3 25.Qf3 Qa8 26.Rc2 Qxf3+ 27.Kxf3 Rdc8 28.Rac1 f6 29.Rd2 Kf7
30.Nc5 Na4 31.Rd6 a5 32.Rb1 Nxc5 33.bxc5 Rxc5 34.Rd7+ Kg6 35.e3 Rb8 36.Rb3 Rc4
37.Ra7 a4 38.Rd3 Kh6 39.Rdd7 Rg8 40.Rdb7 Rc3 41.Rxb5 Rxa3 42.Rb4  1/2-1/2

[Event "39th Olympiad Men"]
[Site "Khanty-Mansiysk RUS"]
[Date "2010.09.24"]
[Round "4"]
[White "Mastrovasilis,A"]
[Black "Stojanovic,Da"]
[Result "1/2-1/2"]
[WhiteElo "2556"]
[BlackElo "2496"]

1.c4 e6 2.Nf3 Nf6 3.g3 d5 4.d4 Be7 5.Bg2 O-O 6.O-O dxc4 7.Qc2 a6 8.a4 Bd7
9.Qxc4 Bc6 10.Bg5 h6 11.Bxf6 Bxf6 12.Nc3 Bxf3 13.Bxf3 c6 14.Qb3 Qe7 15.Rfd1 a5
16.Ne4 Na6 17.Nxf6+ gxf6 18.Qe3 Kg7 19.d5 Nb4 20.Rd4 f5 21.Rc1 cxd5 22.Bxd5 Rac8
23.Rxc8 Rxc8 24.Qe5+ Qf6 25.Qxf6+ Kxf6 26.Bxb7 Rc2 27.Bf3 Rxb2 28.Rd7 Kg6
29.Ra7 e5 30.Rxa5 e4 31.Bg2 Rxe2 32.Kf1 Rd2 33.Bh3 Nd5 34.Ke1 Rd4 35.Rc5 f4
36.a5 Nb4 37.Bf1 fxg3 38.hxg3 Nd3+ 39.Bxd3 Rxd3 40.g4 Ra3 41.Ke2 Kf6 42.Kd2 Ke6
43.Rf5 f6 44.Kc2 e3 45.fxe3 Rxe3 46.Rh5 Re4 47.Kb3 Rxg4 48.a6 Kd6 49.Rxh6 Kc7
50.Rxf6 Kb8  1/2-1/2

[Event "39th Olympiad Men"]
[Site "Khanty-Mansiysk RUS"]
[Date "2010.09.24"]
[Round "4"]
[White "Harikrishna,P"]
[Black "Alekseev,Evgeny"]
[Result "1/2-1/2"]
[WhiteElo "2645"]
[BlackElo "2691"]

1.d4 Nf6 2.c4 e6 3.g3 d5 4.Bg2 Be7 5.Nf3 O-O 6.O-O dxc4 7.Qc2 a6 8.Qxc4 b5
9.Qc2 Bb7 10.Bd2 Bd6 11.Re1 Be4 12.Qc1 Bb7 13.a3 Qc8 14.b4 Nbd7 15.Nc3 Ne4
16.Qc2 f5 17.Nxe4 Bxe4 18.Qc1 Nb6 19.Bf1 Bd5 20.Ng5 Qb7 21.e4 fxe4 22.Qc2 Nc4
23.Bg2 Nxd2 24.Qxd2 e3 25.fxe3 Bxg2 26.Qxg2 Qd5  1/2-1/2

[Event "TCh-NED Meesterklasse 2010-11"]
[Site "Netherlands NED"]
[Date "2010.09.25"]
[Round "1.7"]
[White "Van der Stricht,G"]
[Black "Sielecki,C"]
[Result "1-0"]
[WhiteElo "2392"]
[BlackElo "2397"]

1.d4 d5 2.c4 e6 3.Nf3 Nf6 4.g3 Be7 5.Bg2 O-O 6.O-O Nbd7 7.Qc2 c6 8.Nbd2 b6
9.e4 Ba6 10.e5 Ne8 11.Re1 Nc7 12.b3 Rc8 13.h4 c5 14.a4 dxc4 15.bxc4 cxd4
16.Nxd4 Nxe5 17.Bb2 Bf6 18.Rxe5 Bxe5 19.Nc6 Bxb2 20.Nxd8 Bxa1 21.Nc6 Bf6
22.Ne4 Ne8 23.c5 Rxc6 24.Nxf6+ Nxf6 25.Bxc6 Rc8 26.cxb6 axb6 27.Qd2 g6 28.Qd6 Kg7
29.f3 h5 30.Kf2 Kg8 31.Ke3 Bc4 32.Bb7 Nd5+ 33.Kd4 Rc5 34.Qxc5 bxc5+ 35.Kxc4 Nb6+
36.Kb5 Nxa4 37.Kxa4 Kg7 38.Kb5 g5 39.hxg5 Kg6 40.f4 e5 41.Be4+ f5 42.gxf6 Kxf6
43.f5  1-0

[Event "EYCC Boys U18"]
[Site "Batumi GEO"]
[Date "2010.09.27"]
[Round "8"]
[White "Kuchynka,Luk"]
[Black "Bar,Av"]
[Result "1/2-1/2"]
[WhiteElo "2306"]
[BlackElo "2086"]

1.d4 Nf6 2.c4 e6 3.g3 d5 4.Nf3 Be7 5.Bg2 O-O 6.O-O dxc4 7.Qc2 a6 8.Qxc4 b5
9.Qc2 Bb7 10.Bd2 Ra7 11.a4 Be4 12.Qc1 b4 13.Bf4 Nbd7 14.Nbd2 Bd5 15.Re1 Qa8
16.e4 Bb7 17.Ne5 Nxe5 18.dxe5 Nd7 19.Be3 c5 20.Nc4 Qb8 21.f4 a5 22.Qc2 Bc6
23.b3 Rc8 24.Rad1 Nb6 25.Nd6 Bxd6 26.Rxd6 c4 27.bxc4 Rb7 28.c5 b3 29.Qxb3 Nxa4
30.Qc4 Nb2 31.Qa6 Bb5 32.Qxa5 Nc4 33.Qc3 Nxd6 34.exd6 Bc6 35.Bd4 Rb1 36.Kf2  1/2-1/2

[Event "EYCC Boys U16"]
[Site "Batumi GEO"]
[Date "2010.09.27"]
[Round "8"]
[White "Tilicheev,V"]
[Black "Abasov,N"]
[Result "1-0"]
[WhiteElo "2343"]
[BlackElo "2517"]

1.d4 Nf6 2.c4 e6 3.g3 d5 4.Nf3 Be7 5.Bg2 O-O 6.O-O dxc4 7.Qc2 a6 8.Qxc4 b5
9.Qc2 Bb7 10.Bd2 Be4 11.Qc1 Bb7 12.Rd1 Nbd7 13.Bf4 Nd5 14.Nc3 Nxf4 15.Qxf4 Bd6
16.Ne5 Bxg2 17.Kxg2 f6 18.Nc6 Bxf4 19.Nxd8 Rfxd8 20.gxf4 c5 21.a4 b4 22.Ne4 cxd4
23.Rxd4 Nb6 24.Rxb4 Nd5 25.Rb7 Nxf4+ 26.Kf3 Ng6 27.Nc5 Rd6 28.b4 Ne5+ 29.Kg2 Rc8
30.Ra7 Rb6 31.Nxa6 Nc6 32.Rc7 Rxc7 33.Nxc7 Rxb4 34.Nxe6 Re4 35.Nc7 Rxe2 36.Rc1 Na5
37.Rc5 Re5 38.Rxe5 fxe5 39.Kf3 Kf7 40.Ke4 Nc4 41.Kf5 h6 42.Nd5 g6+ 43.Ke4 Ke6
44.Ne3 Na5 45.Kd3 h5 46.Kc3 e4 47.Kd4 Nb3+ 48.Kc4 Na5+ 49.Kb5 Nb3 50.Kb4 Nd4
51.Kc4 Nc6 52.Nc2 Kd6 53.Nd4 Nb8 54.Kb5 g5 55.a5 g4 56.Nc2 Kd5 57.Kb6 Nd7+
58.Kc7 Nc5 59.Ne3+ Kd4 60.Kc6 Na6 61.Kb6 Nb8 62.Kc7 Na6+ 63.Kd6 Kd3 64.Ke5 Ke2
65.Kxe4 Kxf2 66.Kf4 Kg1 67.Kg3 Nc5 68.Nd5 Na6 69.Nf6 h4+ 70.Kxh4 Kxh2 71.Kxg4 Kg2
72.Ne4 Nb4 73.Kf4 Kf1 74.Ke3 Ke1 75.Nc3 Kf1 76.Nd1 Kg2 77.Nb2 Kg3 78.Nd3 Na6
79.Ke4 Kg4 80.Kd5 Nb8 81.Ke4  1-0

[Event "39th Olympiad Men"]
[Site "Khanty-Mansiysk RUS"]
[Date "2010.09.27"]
[Round "6"]
[White "Bogner,S"]
[Black "Gonzalez Garcia,J2"]
[Result "1-0"]
[WhiteElo "2549"]
[BlackElo "2543"]

1.d4 Nf6 2.c4 e6 3.g3 d5 4.Nf3 Be7 5.Bg2 O-O 6.O-O dxc4 7.Qc2 a6 8.a4 Bd7
9.Qxc4 Bc6 10.Bf4 a5 11.Nc3 Na6 12.Ne5 Bxg2 13.Kxg2 Nd5 14.Rad1 Nab4 15.Bc1 Nb6
16.Qb3 N4d5 17.Nb5 c6 18.Na3 Nb4 19.e4 Nd7 20.Nf3 Qb6 21.h4 h6 22.Nc4 Qa6
23.Nce5 Nxe5 24.Nxe5 Qe2 25.Rfe1 Qc2 26.Qf3 Qxa4 27.Nd7 Nc2 28.Rf1 Nxd4 29.Qg4 Rad8
30.Bxh6 Nf5 31.Bg5 f6 32.Nxf8 Rxd1 33.Rxd1 Kxf8 34.Bc1 Nd6 35.Re1 f5 36.Qg6 Qb4
37.Re3 Qc4 38.exf5 Qd5+ 39.Rf3 Nxf5 40.h5 Qe4 41.Bg5 Bd6 42.Bd8 Be7 43.Bxa5 Bf6
44.Bc3 Ke7 45.Bxf6+ gxf6 46.Qh7+ Kf8 47.Qxb7 Nd4 48.Qb8+ Kg7 49.Qc7+  1-0

[Event "EYCC Boys U16"]
[Site "Batumi GEO"]
[Date "2010.09.28"]
[Round "9"]
[White "Aghasaryan,R"]
[Black "Predke,A"]
[Result "1-0"]
[WhiteElo "2308"]
[BlackElo "2436"]

1.d4 Nf6 2.c4 e6 3.Nf3 d5 4.g3 Be7 5.Bg2 O-O 6.O-O dxc4 7.Qc2 a6 8.a4 Bd7
9.Rd1 Nc6 10.Qxc4 b5 11.axb5 axb5 12.Rxa8 Qxa8 13.Qxb5 Qa1 14.Na3 Nxd4 15.Qc4 Nxf3+
16.Bxf3 Rb8 17.e4 Bd6 18.Kg2 Rb4 19.Qc3 Rb7 20.e5 Bb4 21.Qb3 Nd5 22.Bd2 Bxa3
23.Qxb7 Qxb2 24.Qxb2 Bxb2 25.Bxd5 exd5 26.Rb1 c6 27.Be3  1-0

[Event "EYCC Boys U16"]
[Site "Batumi GEO"]
[Date "2010.09.28"]
[Round "9"]
[White "Kigel,D"]
[Black "Mokshanov,A"]
[Result "1/2-1/2"]
[WhiteElo "2131"]
[BlackElo "2271"]

1.d4 d5 2.Nf3 Nf6 3.c4 e6 4.g3 Be7 5.Bg2 O-O 6.O-O Nbd7 7.Qc2 dxc4 8.Nbd2 Nb6
9.Nxc4 Nxc4 10.Qxc4 a6 11.Bf4 Nd5 12.Rac1 Nxf4 13.gxf4 Bd6 14.Ne5 Qe7 15.e3 Rb8
16.Be4 Bd7 17.Qc2 Kh8 18.Kh1 Bb5 19.Rg1 f6 20.a4 fxe5 21.dxe5 Bc6 22.Bxc6 bxc6
23.exd6 cxd6 24.Qxc6 Rxb2 25.Rg2 e5 26.Rcg1 g6 27.fxe5 Qxe5 28.f4 Qf6 29.Qxa6 Rxg2
30.Rxg2 Qa1+ 31.Rg1 Qa3 32.Qa7 Qb4 33.Rc1 Qe4+ 34.Kg1 g5 35.Qd4+ Qxd4 36.exd4 Rxf4
37.Rd1 Rf7 38.a5 Ra7 39.Ra1 Ra6 40.Kf2 Kg7 41.Ke3 d5 42.Kd3 Kf6 43.Kc3 Kf5
44.Kb4 Ke4 45.Kb5 Ra8 46.Rd1 Rb8+ 47.Kc6 Ra8 48.Kb6 Rb8+ 49.Kc6 Ra8 50.Kb6 Rb8+
51.Kc6 Ra8  1/2-1/2

[Event "39th Olympiad Women"]
[Site "Khanty-Mansiysk RUS"]
[Date "2010.09.28"]
[Round "7"]
[White "Zhao Xue"]
[Black "Melia,S"]
[Result "1/2-1/2"]
[WhiteElo "2469"]
[BlackElo "2439"]

1.d4 d5 2.c4 e6 3.Nf3 Nf6 4.g3 Be7 5.Bg2 O-O 6.O-O dxc4 7.Qc2 a6 8.a4 Bd7
9.Qxc4 Bc6 10.Bg5 Bd5 11.Qd3 c5 12.Rd1 cxd4 13.Nxd4 Bxg2 14.Kxg2 Qd5+ 15.Nf3 Qxd3
16.Rxd3 Nc6 17.Nc3 Rfd8 18.Rad1 Kf8 19.Bf4 Rxd3 20.Rxd3 Rd8 21.Ne5 Nxe5 22.Rxd8+ Bxd8
23.Bxe5 Nd7 24.Bd6+ Be7  1/2-1/2

[Event "39th Olympiad Men"]
[Site "Khanty-Mansiysk RUS"]
[Date "2010.09.28"]
[Round "7"]
[White "Mikhalevski,V"]
[Black "Khamrakulov,D"]
[Result "0-1"]
[WhiteElo "2610"]
[BlackElo "2485"]

1.d4 Nf6 2.c4 e6 3.g3 d5 4.Nf3 Be7 5.Bg2 O-O 6.O-O dxc4 7.Qc2 a6 8.Qxc4 b5
9.Qc2 Bb7 10.Bd2 Ra7 11.Rc1 Be4 12.Qb3 Nc6 13.e3 Qa8 14.Qd1 b4 15.Qf1 Bd5
16.Be1 h6 17.Nbd2 Rd8 18.Rc2 a5 19.Rac1 a4 20.g4 b3 21.axb3 axb3 22.Nxb3 Nxg4
23.Nc5 Nf6 24.Qe2 Ne4 25.Nd3 Bd6 26.Rxc6 Bxc6 27.Rxc6 Qxc6 28.Nd2 f5 29.Nxe4 fxe4
30.Qg4 Qd5 31.Bxe4 Qg5 32.Qxg5 hxg5 33.Kg2 g4 34.Bg6 Ra1 35.Bc3 Rd1 36.Nc5 Bxc5
37.dxc5 Rc1 38.Bh5 Rd5 39.Bxg4 Kf7 40.c6 Rc5 41.Bd4 Rxc6 42.Bh5+ g6 43.Bf3 R6c4
44.b3 Rb4 45.Bb2 Rb1 46.Be5 c5 47.Be2 R1xb3 48.Bd6 Rc3 49.Kg3 Rc1 50.h4 Rb2
51.Bg4 c4 52.h5 Rg1+ 53.Kf3 Rxf2+  0-1

[Event "39th Olympiad Men"]
[Site "Khanty-Mansiysk RUS"]
[Date "2010.09.28"]
[Round "7"]
[White "Gonzalez,Be CRC"]
[Black "Borda,A"]
[Result "1-0"]
[WhiteElo "2423"]
[BlackElo "2164"]

1.d4 d5 2.c4 e6 3.g3 Nf6 4.Bg2 Be7 5.Nf3 Nbd7 6.Qc2 O-O 7.O-O c6 8.b3 b6
9.Nc3 Ba6 10.Rd1 Rc8 11.Bb2 Qc7 12.e4 dxe4 13.Nxe4 Nxe4 14.Qxe4 Nf6 15.Qe2 Rfd8
16.Rd2 Bb4 17.Rd3 Qe7 18.Ne5 Bb7 19.Rad1 Bd6 20.h3 Qf8 21.Kh2 Ba8 22.Bf3 Be7
23.Qe1 Nd7 24.Ng4 Nf6 25.Ne3 Bd6 26.Qe2 Rc7 27.d5 cxd5 28.Bxf6 gxf6 29.cxd5 Rcd7
30.Ng4 Qe7 31.dxe6 fxe6 32.Bxa8 Rxa8 33.Nh6+ Kf8 34.Qg4 Qg7 35.Rxd6 Rxd6
36.Rxd6 Qxh6 37.Qxe6 Re8 38.Qxf6+ Qxf6 39.Rxf6+ Kg7 40.Rf3 Re2 41.a4 Rb2
42.Kg2 Kg6 43.g4 Rb1 44.Kg3 Kg5 45.h4+ Kg6 46.Rd3 Kf6 47.Kf4 Rb2 48.f3 Rb1
49.Rd6+ Kf7 50.Rd7+ Kg8 51.Rxa7 Rxb3 52.g5 Rb4+ 53.Kg3 Rb3 54.Kg4 b5 55.axb5 Rxb5
56.f4 Rb4 57.h5 Rb5 58.g6 hxg6 59.hxg6 Rb1 60.Kg5 Rb5+ 61.Kh6  1-0

[Event "39th Olympiad Men"]
[Site "Khanty-Mansiysk RUS"]
[Date "2010.09.29"]
[Round "8"]
[White "Hernandez Carmenates,Hold"]
[Black "Toufighi,H"]
[Result "1-0"]
[WhiteElo "2563"]
[BlackElo "2499"]

1.d4 e6 2.Nf3 Nf6 3.c4 d5 4.g3 Be7 5.Bg2 O-O 6.O-O dxc4 7.Qc2 a6 8.Qxc4 b5
9.Qc2 Bb7 10.Bd2 b4 11.Rc1 Bd6 12.Bg5 Nbd7 13.Nbd2 Rc8 14.Nc4 h6 15.Bd2 Be7
16.Na5 Be4 17.Nc6 Bxc2 18.Nxd8 Rcxd8 19.Rxc2 c5 20.Rac1 a5 21.Be3 Nd5 22.dxc5 Nxe3
23.fxe3 Nxc5 24.Rxc5 Bxc5 25.Rxc5 Rc8 26.Rxa5 Rc2 27.b3 Rxe2 28.Nd4 Rxe3
29.Nc6 Re2 30.Bf3 Rb2 31.Nxb4 Rd8 32.Ra8 Rxa8 33.Bxa8 f5 34.Bc6 g5 35.Bb5 Kg7
36.Bd3 Rd2 37.a4 Kf6 38.a5 Rd1+ 39.Kf2 Ra1 40.a6 Ra3 41.Bb5 Rxb3 42.a7 Rxb4
43.Ba6 Rb2+ 44.Ke3  1-0

[Event "39th Olympiad Men"]
[Site "Khanty-Mansiysk RUS"]
[Date "2010.09.29"]
[Round "8"]
[White "Croes,O"]
[Black "Lebrun,P"]
[Result "0-1"]
[WhiteElo "1951"]
[BlackElo "1956"]

1.d4 Nf6 2.c4 e6 3.g3 d5 4.Bg2 Be7 5.Nf3 O-O 6.O-O c6 7.Nc3 Nbd7 8.b3 b6
9.Bb2 Bb7 10.Qc2 Rc8 11.Rad1 Qc7 12.e3 Ba8 13.Qd3 Rfd8 14.Rc1 dxc4 15.Qxc4 c5
16.Nb5 Qb8 17.Ne5 Bxg2 18.Kxg2 Nxe5 19.dxe5 Nd7 20.Qe4 a6 21.Na3 b5 22.Rc2 Qa8
23.Qxa8 Rxa8 24.Nb1 Nb6 25.Nd2 Nd5 26.a3 Nb6 27.Bc3 a5 28.Ne4 Rd3 29.Rd2 Rad8
30.Rxd3 Rxd3 31.Bxa5 Nd7 32.Bc7 Rxb3 33.Rd1 Nf8 34.Nd6 c4 35.Nc8 Bxa3 36.Rd8 h6
37.Bd6 c3 38.Rxf8+ Kh7 39.Bxa3 Rxa3 40.Rxf7 b4 41.Rc7 Ra2 42.Nb6 c2 43.Nd7 b3
44.Nf8+ Kg8 45.Nxe6 Ra7 46.Rc8+ Kf7 47.Nd4 b2  0-1

[Event "39th Olympiad Men"]
[Site "Khanty-Mansiysk RUS"]
[Date "2010.09.29"]
[Round "8"]
[White "Batchuluun,T"]
[Black "Gerzhoy,L"]
[Result "1/2-1/2"]
[WhiteElo "2422"]
[BlackElo "2485"]

1.d4 Nf6 2.c4 e6 3.g3 d5 4.Nf3 Be7 5.Bg2 O-O 6.O-O dxc4 7.Qc2 a6 8.a4 Bd7
9.Qxc4 Bc6 10.Bg5 a5 11.Nc3 Na6 12.Rad1 Nb4 13.Ne5 Bd5 14.Nxd5 exd5 15.Qb3 c6
16.Nd3 Re8 17.f3 h6 18.Bc1 Qb6 19.e3 c5 20.dxc5 Bxc5 21.Nxc5 Qxc5 22.Bd2 Rad8
23.Qc3 Qe7 24.Qb3 Nd7 25.Bxb4 axb4 26.Rfe1 Nb6 27.Bf1 Nc4 28.Bxc4 dxc4 29.Qxc4 Rxd1
30.Rxd1 Qxe3+ 31.Kg2 Qe2+ 32.Qxe2 Rxe2+ 33.Kh3 Rxb2 34.Rd8+ Kh7 35.Rd7 f6  1/2-1/2

[Event "39th Olympiad Men"]
[Site "Khanty-Mansiysk RUS"]
[Date "2010.09.30"]
[Round "9"]
[White "Giri,A"]
[Black "Khamrakulov,D"]
[Result "1-0"]
[WhiteElo "2677"]
[BlackElo "2485"]

1.d4 Nf6 2.c4 e6 3.Nf3 d5 4.g3 Be7 5.Bg2 O-O 6.O-O dxc4 7.Qc2 a6 8.Qxc4 b5
9.Qc2 Bb7 10.Bd2 Ra7 11.Rc1 Be4 12.Qb3 Nc6 13.e3 Qa8 14.Qd1 b4 15.Qf1 Bd5
16.Be1 h6 17.Nbd2 a5 18.a4 bxa3 19.bxa3 a4 20.Nc4 Nb8 21.Nfe5 Nbd7 22.Bxd5 exd5
23.Na5 Bd6 24.Nec6 Ra6 25.Qb5 Nb8 26.Bb4 Nxc6 27.Rxc6 Ra7 28.Rac1 Rb8 29.Qxa4 Nd7
30.R1c3 Nb6 31.Qc2 Nc4 32.Nxc4 Bxb4 33.Ne5 Bxc3 34.Rxc3 Rxa3 35.Rxa3 Qxa3
36.Qxc7 Rf8 37.Qd7 Qa8 38.Nc6 Kh8 39.Kg2 Re8 40.h4 Qc8 41.Qxd5 Qb7 42.Qc4 Ra8
43.d5 Qb1 44.Qb4 Qd3 45.Qd4 Qb1 46.d6 Qb7 47.Qd5 Ra5 48.Qxa5 Qxc6+ 49.Kh2 Qxd6
50.Qa8+ Kh7 51.Qe4+ g6 52.h5 f5 53.Qc4 Qd7 54.hxg6+ Kxg6 55.Qg8+ Kf6 56.Qa8 h5
57.Kg2 Qd6 58.Qh8+ Kg6 59.Qg8+ Kf6 60.Qc4 Kg6 61.Kh2 Qd2 62.Qe6+ Kg5 63.Kg2 Qc2
64.Qd6 Qe4+ 65.f3 Qa8 66.Qe6 Qb7 67.e4 f4 68.Qd5+ Qxd5 69.exd5 fxg3 70.Kxg3  1-0